Rural livelihood in takream commune, banan district, battambang province, ជីវភាពក្រួសារកសិករជនបទ ក្នុងឃុំតាគ្រាម ស្រុកបាណន់ ខេត្តបាត់ដំបង. (Record no. 4350)
[ view plain ]
| 000 -LEADER | |
|---|---|
| fixed length control field | 00658nam a22001577a 4500 |
| 003 - CONTROL NUMBER IDENTIFIER | |
| control field | OSt |
| 005 - DATE AND TIME OF LATEST TRANSACTION | |
| control field | 20151211092733.0 |
| 008 - FIXED-LENGTH DATA ELEMENTS--GENERAL INFORMATION | |
| fixed length control field | 151211b xxu||||| |||| 00| 0 eng d |
| 040 ## - CATALOGING SOURCE | |
| Transcribing agency | RUA |
| 082 ## - DEWEY DECIMAL CLASSIFICATION NUMBER | |
| Classification number | ATM TAN 2004 B202 Or.1 |
| 100 ## - MAIN ENTRY--PERSONAL NAME | |
| 9 (RLIN) | 4669 |
| Personal name | TANG SAYKEATH; តំាង សាយគៀត |
| 245 ## - TITLE STATEMENT | |
| Title | Rural livelihood in takream commune, banan district, battambang province, ជីវភាពក្រួសារកសិករជនបទ ក្នុងឃុំតាគ្រាម ស្រុកបាណន់ ខេត្តបាត់ដំបង. |
| 260 ## - PUBLICATION, DISTRIBUTION, ETC. (IMPRINT) | |
| Place of publication, distribution, etc. | Phnom Penh |
| Name of publisher, distributor, etc. | RUA |
| Date of publication, distribution, etc. | 2004 |
| 300 ## - PHYSICAL DESCRIPTION | |
| Extent | ix; 52p. |
| Other physical details | ill. |
| Dimensions | 29cm. |
| 942 ## - ADDED ENTRY ELEMENTS (KOHA) | |
| Source of classification or shelving scheme | |
| Koha item type | ATM |
| Price effective from | Date last seen | Permanent Location | Not for loan | Date acquired | Source of classification or shelving scheme | Koha item type | Barcode | Lost status | Damaged status | Shelving location | Withdrawn status | Current Location | Full call number |
|---|---|---|---|---|---|---|---|---|---|---|---|---|---|
| 2015-12-11 | 2015-12-11 | Library Block B | 2015-12-11 | ATM | RUA038217 | B202 | Library Block B | ATM TAN 2004 B202 Or.1 | |||||
| 2015-12-11 | 2015-12-11 | Library Block B | 2015-12-11 | ATM | RUA038450 | B202 | Library Block B | ATM TAN 2004 B202 Or.2 | |||||
| 2015-12-11 | 2015-12-11 | Library Block B | 2015-12-11 | ATM | RUA038449 | B202 | Library Block B | ATM TAN 2004 B202 Or.3 | |||||
| 2015-12-11 | 2015-12-11 | Library Block B | 2015-12-11 | ATM | RUA038505 | B202 | Library Block B | ATM TAN 2004 B202 Or.4 | |||||
| 2015-12-11 | 2015-12-11 | Library Block B | 2015-12-11 | ATM | RUA038510 | B202 | Library Block B | ATM TAN 2004 B202 Or.5 | |||||
| 2015-12-11 | 2015-12-11 | Library Block B | 2015-12-11 | ATM | RUA038509 | B202 | Library Block B | ATM TAN 2004 B202 Or.6 | |||||
| 2015-12-11 | 2015-12-11 | Library Block B | 2015-12-11 | ATM | RUA033921 | B202 | Library Block B | ATM TAN 2004 B202 Or.7 | |||||
| 2015-12-11 | 2015-12-11 | Library Block B | 2015-12-11 | ATM | RUA033724 | B202 | Library Block B | ATM TAN 2004 B202 Or.8 | |||||
| 2015-12-11 | 2015-12-11 | Library Block B | 2015-12-11 | ATM | RUA033650 | B202 | Library Block B | ATM TAN 2004 B202 Or.9 | |||||
| 2015-12-11 | 2015-12-11 | Library Block B | 2015-12-11 | ATM | RUA033933 | B202 | Library Block B | ATM TAN 2004 B202 Or.10 | |||||
| 2015-12-11 | 2015-12-11 | Library Block B | 2015-12-11 | ATM | RUA033937 | B202 | Library Block B | ATM TAN 2004 B202 Or.11 |